Catálogo
 En Linea

La gestión de los recursos minerales en las sociedades cazadoras-recolectoras / (Registro nro. 41199)

Detalles MARC
000 -CABECERA
campo de control de longitud fija 00769nam a2200205 a 4500
001 - NÚMERO DE CONTROL
campo de control 000041710
005 - FECHA Y HORA DE LA ÚLTIMA TRANSACCIÓN
campo de control 20201002035719.0
008 - DATOS DE LONGITUD FIJA--INFORMACIÓN GENERAL
campo de control de longitud fija 131016s2001 sp a 000 0 spa d
020 ## - NÚMERO INTERNACIONAL ESTÁNDAR DEL LIBRO
ISBN cancelado o inválido 8400063228
040 ## - FUENTE DE LA CATALOGACIÓN
Centro catalogador/agencia de origen DO-SdBNP
Lengua de catalogación spa
Centro/agencia transcriptor BNPHU
082 ## - NÚMERO DE LA CLASIFICACIÓN DECIMAL DEWEY
Número de clasificación xxx
Número de documento/Ítem T323g
100 1# - ENTRADA PRINCIPAL--NOMBRE DE PERSONA
Nombre de persona Terradas Batlle, Xavier
9 (RLIN) 68530
245 13 - MENCIÓN DE TÍTULO
Título La gestión de los recursos minerales en las sociedades cazadoras-recolectoras /
Mención de responsabilidad, etc. Xavier Terradas Batlle.
260 ## - PUBLICACIÓN, DISTRIBUCIÓN, ETC.
Lugar de publicación, distribución, etc. Madrid :
Nombre del editor, distribuidor, etc. Consejo Superior de Investigaciones Científicas,
Fecha de publicación, distribución, etc. 2001.
300 ## - DESCRIPCIÓN FÍSICA
Extensión 177 p. :
Otras características físicas il. ;
Dimensiones 24 cm.
490 1# - MENCIÓN DE SERIE
Mención de serie Treballs d'etnoarqueología
Designación de volumen o secuencia 4
500 ## - NOTA GENERAL
Nota general Incluye referencias bibliográficas y notas al pie de las páginas.
504 ## - NOTA DE BIBLIOGRAFÍA, ETC.
Nota de bibliografía, etc. Bibliografía: p. 144-164
830 #0 - PUNTO DE ACCESO ADICIONAL DE SERIE-TÍTULO UNIFORME
Título uniforme Treballs d'etnoarqueología
Número de parte o sección de la obra 4
9 (RLIN) 68531
Existencias
Estado de retiro Estado de pérdida Restricciones de uso No para préstamo Código de colección Localización permanente Ubicación/localización actual Ubicación en estantería Fecha de adquisición Número de inventario Total de préstamos Signatura topográfica completa Código de barras Fecha visto por última vez Precio válido a partir de Tipo de ítem Koha
      Excluido de préstamo Monografías: Libros y Folletos General General En catalogación 16.10.2013 LF1   xxx T323g 41710-10 25.06.2020 25.06.2020 No se presta

Con tecnología Koha